Premier league ranglijst aller tijden - Statistieken

Algemene statistieken
  • Deze quiz is 132 keer genomen
  • De gemiddelde score is 23 van 50
Antwoordstatistieken
Hint Antwoord % Correct
2314 Arsenal
99%
2258 Liverpool
99%
1809 Manchester City
99%
2501 Manchester United
98%
2245 Chelsea
96%
1913 Tottenham
85%
1541 Newcastle United
75%
1650 Everton
74%
1350 West Ham United
72%
1487 Aston Villa
70%
821 Leicester City
70%
225 Sheffield United
63%
820 Leeds United
61%
312 Nottingham Forrest
61%
331 Brighton
60%
658 Crystal Palace
60%
409 Norwich City
54%
1088 Southampton
52%
144 Brentford
49%
739 Fulham
49%
361 Burnley
48%
301 Bournemouth
47%
618 Sunderland
47%
171 Hull City
46%
308 Birmingham City
45%
64 Cardiff City
42%
26 Luton Town
41%
319 Swansea City
39%
970 Blackburn Rovers
38%
402 Sheffield Wednesday
38%
457 Wolverhampton Wanderers
38%
435 Coventry City
37%
224 Ipswich Town
37%
285 Watford
34%
274 Derby County
30%
309 Queens Park Rangers
29%
62 Bradford City
27%
490 West Bromwich Albion
23%
298 Portsmouth
22%
661 Middlesbrough
20%
53 Huddersfield Town
19%
575 Bolton Wanderers
15%
39 Blackpool
14%
392 Wimbledon FC
12%
374 Charlton Athletic
10%
119 Reading
10%
30 Swindon Town
9%
349 Wigan Athletic
6%
35 Barnsley
3%
89 Oldham Athletic
2%
Geen overeenkomende quizzen gevonden
Scoreverdeling
Procent van Mensen met Elke Score
Percentiel versus Aantal Correcte Antwoorden
Uw Scoregeschiedenis
U heeft deze quiz nog niet genomen